|
|
|
|
| LEADER |
01494nam a22003617a 4500 |
| 001 |
mzk03000733161 |
| 003 |
CZ BrMZK |
| 005 |
20200812124836.0 |
| 007 |
ta |
| 008 |
040908s1766 gw fr|||||00| ||gerod |
| 040 |
|
|
|a BOA001
|c BOA001
|b cze
|
| 072 |
|
7 |
|a 094
|x Staré tisky
|2 Konspekt
|9 12
|
| 080 |
|
|
|a (0.068)094
|2 MRF
|
| 100 |
1 |
|
|a Preißler, Johann Daniel,
|d 1666-1737
|7 mzk2009511555
|4 aut
|
| 245 |
1 |
0 |
|a Gründliche Anleitung, welcher man sich im Nachzeichen schöner Landschafften oder Prospecten bedienen kan, den Liebhabern der Zeichen-Kunst mitgetheilet und eingenhändig in Kupffer gebracht, ...
|
| 250 |
|
|
|a Sechste Auflage
|
| 260 |
|
|
|a Nürnberg :
|b [s.n.],
|c 1766
|
| 300 |
|
|
|a [2], 16 s., 12 příl. ;
|c 2°
|
| 501 |
|
|
|a Přívazek3 k: Die Durch Theorie erfundene Practic, ... / Johann Daniel Preissler
|
| 510 |
4 |
|
|a VD18,
|c VD18 13163248
|u https://kxp.k10plus.de/DB=1.65/PPNSET?PPN=024824917
|
| 590 |
|
|
|a Několik příloh vyříznuto
|
| 653 |
|
|
|a kreslení - návody
|
| 655 |
|
7 |
|a staré tisky
|7 fd422076
|2 czenas
|
| 856 |
4 |
2 |
|u http://purl.uni-rostock.de/rosdok/ppn835235106
|y Digitalizovaný dokument
|z exemplář Universitätsbibliothek Rostock, sign. <Df-3.2>
|
| 903 |
|
|
|a RP
|
| 910 |
|
|
|a BOA001
|b ST4-0383.753,1,přív.3
|
| 978 |
|
|
|b S.n.
|a Nürnberg
|c 1766
|
| 984 |
|
|
|a Norimberk
|b Německo
|
| 985 |
|
|
|a 1751-1800
|
| 990 |
|
|
|a BK
|
| 993 |
|
|
|a Y
|
| 991 |
|
|
|k mzk
|
| 994 |
|
|
|a UP
|l MZK03
|b 000733141
|m přívazek 3
|n záznam 1. díla (pro objednání pokračujte kliknutím)
|